000 00343nam a22001457a 4500
008 210226b ||||| |||| 00| 0 eng d
020 _a0853692890
041 _aeng
080 _a572
082 _a572
100 _a24
101 _aANT
245 _aHerbal Medicines a Guide for Health-Care Professionals
_cNewall, C. A
942 _2udc
_cBK
999 _c55276
_d55276